हृदय एवं सामान्य रोगों की चिकित्सा / (Record no. 17361)

MARC details
000 -LEADER
fixed length control field 01482nam a22002777a 4500
005 - DATE AND TIME OF LATEST TRANSACTION
control field 20081031123649.0
008 - FIXED-LENGTH DATA ELEMENTS--GENERAL INFORMATION
fixed length control field 081031t xxu||||| |||| 00| 0 hin d
010 ## - LCCN (DPL NO)
LC control number HIN-84584
020 ## - INTERNATIONAL STANDARD BOOK NUMBER
International Standard Book Number 8186098070
Terms of availability 240.00
035 ## - SYSTEM CONTROL NUMBER
System control number HN-56930
037 ## - SOURCE OF ACQUISITION
Source of stock number/acquisition DBAD / PUB
040 ## - CATALOGING SOURCE
Original cataloging agency DPL
Language of cataloging HN
082 ## - DEWEY DECIMAL CLASSIFICATION NUMBER
Classification number 616.1206
100 ## - MAIN ENTRY--PERSONAL NAME
Personal name जैन, विष्णु
245 ## - TITLE STATEMENT
Title हृदय एवं सामान्य रोगों की चिकित्सा /
Statement of responsibility, etc विष्णु जैन
246 ## - VARYING FORM OF TITLE
Title proper/short title Hradya evam samanya rogon ki Chikitsa
Remainder of title by Vishnu Jain
250 ## - EDITION STATEMENT
Edition statement 2रा संस्क
260 ## - PUBLICATION, DISTRIBUTION, ETC. (IMPRINT)
Place of publication, distribution, etc जयपुर
Name of publisher, distributor, etc पापुलर बुक डिपो
Date of publication, distribution, etc 2005
270 ## - ADDRESS
Address जी-15, एस.एस.टॉवर्स, धामाणी गली, चौड़ा रास्ता
City जयपुर
Postal code 302003
Telephone number 0141 2325965
300 ## - PHYSICAL DESCRIPTION
Extent 230पृ
Other physical details सचित्र
Dimensions 22सेमी (सजिल्द)
500 ## - GENERAL NOTE
General note (निदान एवं उपचार से जुड़ी समस्याओं की सही जानकारी के लिए एकमात्र पुस्तक) /
650 ## - SUBJECT ADDED ENTRY--TOPICAL TERM
Topical term or geographic name as entry element ह्रदय
General subdivision रोग
650 ## - SUBJECT ADDED ENTRY--TOPICAL TERM
Topical term or geographic name as entry element Heart
General subdivision diseases
942 ## - ADDED ENTRY ELEMENTS (KOHA)
Source of classification or shelving scheme Dewey Decimal Classification
Item type Hindi Books
Call number suffix जैनवि
Classification part 616.1206
Holdings
Withdrawn status Lost status Source of classification or shelving scheme Damaged status Not for loan Collection code Home library Current library Date acquired Source of acquisition Cost, normal purchase price Total Checkouts Full call number Barcode Date last seen Copy number Cost, replacement price Koha item type
    Dewey Decimal Classification   Not For Loan Non-fiction D.B.Act.Division D.B.Act.Division 31/10/2008 DBAD / PUB 240.00   616.1206 जैनवि HN-56930 31/10/2008 1 240.00 Hindi Books
    Dewey Decimal Classification   Ordered Non-fiction Sarojini Nagar Sarojini Nagar 27/01/2017   240.00   616.1206 जैनवि B-143476 27/01/2017 1 240.00 Hindi Books

© Delhi Public Library
Hit Counter
free hit counter